Часовник без стрелки (Запис номер 207101)
[ съкратено ]
| 000 -Лидер | |
|---|---|
| Контролно поле с фиксирана дължина | nam a22 a 4500 |
| 003 - Код на организацията, давaща контролен номер | |
| Контролно поле | BLK |
| 005 - Дата и час на последна редакция | |
| Контролно поле | 20220729132349.0 |
| 008 - Елементи от данни с фиксирана дължина | |
| fixed length control field | 180411b bul|||||r ||||||| ||bul|| |
| 010 ## - Наследен системен номер | |
| LC control number | KNG00216852000 |
| 040 ## - Източник на каталожния запис | |
| Идентификатор на билиотеката - собственик на записа | BLK |
| 041 ## - Код за език | |
| Код за езика на текст/звукозапис или на отделно заглавие | Български |
| Код за езика КДБФ | Български |
| 080 ## - УДК | |
| Текстов определител УДК | Американска литература (на САЩ) |
| УДК код - определител по УДК | 821.111(73) |
| УДК определител | -31 |
| УДК - код + определител | 821.111(73)-31 |
| 100 1# - Редна дума - Автор | |
| Автор | Маккълърс, Карсън |
| Авторска отговорност | първи автор |
| R(LIN) | 91306 |
| 139 ## - Редно поле | |
| Редна дума | Маккълърс, Карсън |
| Авторски знак | Мак - М 19 |
| 245 10 - Сведения за заглавието | |
| Заглавие | Часовник без стрелки |
| Подзаглавни данни | Роман |
| Редно поле (дума) | Карсън Маккълърс; прев. от англ. Кръстан Дянков; худож. Никифор Русков. |
| 257 ## - Страна на издаване | |
| Страна на създаване/издаване | България |
| 260 ## - Област на издателските данни | |
| Място на издаване, разпространение и проч. | София |
| Име на издателя, разпространителя и проч. | Нар. младеж |
| Година на издаване | 1972 |
| 300 ## - Физическа характеристика | |
| Страници | 251 с. |
| Илюстрации и др. | с ил. |
| Размери/Мащаб | 25 см |
| 380 ## - Жанр | |
| Жанр | Худож. лит. |
| 490 ## - СЕРИИ (Колекции) | |
| Име на серия | Младежка библиотека Меридиани |
| №: серия | 71 |
| 9 (RLIN) | 202486 |
| 500 ## - Общи забележки | |
| Забележка | Ориг. загл. Clock without hands. |
| 700 1# - Други автори (авторска отговорност) | |
| Лично име | Дянков, Кръстан |
| Автороска отговорност (Описва отношението между автора и произведението) | прев. от англ. |
| 9 (RLIN) | 365804 |
| 700 1# - Други автори (авторска отговорност) | |
| Лично име | Русков, Никифор |
| Автороска отговорност (Описва отношението между автора и произведението) | худож. |
| 9 (RLIN) | 364263 |
| 852 ## - Местоположение | |
| Форматна сигнатура | Цб 63505 |
| Фондова буква | Хранилище |
| 856 4# - Електронен адрес и достъп | |
| Електронен формат | pdf - файл |
| 856 4# - Електронен адрес и достъп | |
| Електронен формат | pdf - файл |
| 999 ## - СИСТЕМНИ КОНТРОЛНИ НОМЕРА | |
| Koha biblionumber | 207101 |
| Koha biblioitemnumber | 207101 |
| 942 ## - АРТИКУЛИ | |
| Вид на библиотечния материал | Книги |
| Скрит в OPAC | Не |
| Периодичен библиозапис | Да |
| 944 ## - СЪЗДАВАНЕ И РЕДАКЦИЯ на ЗАПИСА | |
| Създаване/Редакция | Създаване |
| Дата на регистрацията/редакция | 06.03.2018 |
| Служител, извършил регистрацията/редакцията | Нора_Радева |
| 944 ## - СЪЗДАВАНЕ И РЕДАКЦИЯ на ЗАПИСА | |
| Създаване/Редакция | Редакция |
| Дата на регистрацията/редакция | 06.03.2018 |
| Служител, извършил регистрацията/редакцията | Нора_Радева |
| 999 ## - СИСТЕМНИ КОНТРОЛНИ НОМЕРА | |
| Koha biblioitemnumber | 207101 |
| Код за отписване | Код за изгубен артикул | Източник на класификационната схема | Код за повреда | Коз за рестрикции | Код за отдаване | Артикулен № | Име на библиотеката - собственик | Име на библиотеката, в която се намира в момента | Статус (Текущо местоположение) | Дата на вписване в системата | Местоположение - отдел | Цена в лева | Инвентарен номер | Систематично азбучна сигнатура | Баркод | Номер на екземпляра | Цена в евро | Служебна бележка | Служебен тип на артикула |
|---|---|---|---|---|---|---|---|---|---|---|---|---|---|---|---|---|---|---|---|
| Не е изгубен | Universal Decimal Classification | Не е повреден | само за читалня | ползва се в читалня | 357208 | Регионална библиотека "Любен Каравелов" Русе | Регионална библиотека "Любен Каравелов" Русе | Хранилище | 1972-01-01 | Хранилище | 1.23 | 118291 | Цб 63505 | 120000118291 | 1 | 0.63 | Вид: Сф Дата: 01.01.1972 | Книги | |
| Изтеглен | Не е изгубен | Universal Decimal Classification | Не е повреден | без рестрикции | заемане за дома | 357209 | Регионална библиотека "Любен Каравелов" Русе | Регионална библиотека "Любен Каравелов" Русе | Заемна - подръчен фонд | 1972-01-01 | Заемна - подръчен фонд | 1.23 | 634161 | П 820(73)-31/М 19 | 634161 | 2 | 0.63 | Вид: Сф Дата: 01.01.1972 | Книги |
| Изтеглен | Не е изгубен | Universal Decimal Classification | Не е повреден | без рестрикции | заемане за дома | 357210 | Регионална библиотека "Любен Каравелов" Русе | Регионална библиотека "Любен Каравелов" Русе | Заемна - подръчен фонд | 1972-01-01 | Заемна - подръчен фонд | 1.23 | 118893 | П 820(73)-31/М 19 | 118893 | 3 | 0.63 | Вид: Сф Дата: 01.01.1972 | Книги |
| Изтеглен | Не е изгубен | Universal Decimal Classification | Не е повреден | без рестрикции | заемане за дома | 357211 | Регионална библиотека "Любен Каравелов" Русе | Регионална библиотека "Любен Каравелов" Русе | Заемна - подръчен фонд | 1972-01-01 | Заемна - подръчен фонд | 1.23 | 118890 | П 820(73)-31/М 19 | 118890 | 4 | 0.63 | Вид: Сф Дата: 01.01.1972 Дата инв: 07.03.2018 Бележки инв: П2018 | Книги |
| Изтеглен | Не е изгубен | Universal Decimal Classification | Не е повреден | без рестрикции | заемане за дома | 357212 | Регионална библиотека "Любен Каравелов" Русе | Регионална библиотека "Любен Каравелов" Русе | Заемна - подръчен фонд | 1972-01-01 | Заемна - подръчен фонд | 1.23 | 118889 | П 820(73)-31/М 19 | 118889 | 5 | 0.63 | Вид: Сф Дата: 01.01.1972 | Книги |
| Изтеглен | Не е изгубен | Universal Decimal Classification | Не е повреден | без рестрикции | заемане за дома | 357213 | Регионална библиотека "Любен Каравелов" Русе | Регионална библиотека "Любен Каравелов" Русе | Заемна - подръчен фонд | 1972-01-01 | Заемна - подръчен фонд | 1.23 | 118888 | П 820(73)-31/М 19 | 118888 | 6 | 0.63 | Вид: Сф Дата: 01.01.1972 | Книги |
| Изтеглен | Не е изгубен | Universal Decimal Classification | Не е повреден | без рестрикции | заемане за дома | 357214 | Регионална библиотека "Любен Каравелов" Русе | Регионална библиотека "Любен Каравелов" Русе | Заемна - подръчен фонд | 1972-01-01 | Заемна - подръчен фонд | 1.23 | 118886 | П 820(73)-31/М 19 | 118886 | 7 | 0.63 | Вид: Сф Дата: 01.01.1972 | Книги |